Statistiques concernant Les 26 Cantons de Suisse

Cliquez ici pour prendre le quiz!

Statistiques générales

  • Ce quiz a été pris 156 fois
  • Le résultat moyen est 19 sur 26

Statistiques - réponses

AbreviationsPopulation (en habitants)Canton% Correct
ZH1 504 346Zurich
99%
BE1 031 126Berne
98%
LU406 506Lucerne
95%
GE495 249 Genève
92%
VD793 129Vaud
92%
FR315 074Fribourg
89%
JU73 290 Jura
87%
VS341 463Valais
85%
UR36 299Uri
84%
NE177 964 Neuchâtel
81%
TI353 709Tessin
81%
BS193 908Bâle-Ville
77%
BL287 023 Bâle-Campagne
74%
ZG125 421 Zoug
71%
AG670 050Argovie
69%
GR197 888Grisons
69%
SG504 686Saint-Gall
69%
GL40 349Glaris
66%
OW37 575Obwald
65%
SO271 432Soleure
65%
NW42 969Nidwald
63%
TG269 731Thurgovie
57%
SZ157 301Schwytz
54%
SH81 351Schaffhouse
49%
AR55 178Appenzell Rhodes-Extérieures
41%
AI16 105Appenzell Rhodes-Intérieures
41%

Distribution des résultats

Percentile par nombre de réponses

% des personnes avec chaque résultat

Votre développement - résultats

Vous n’avez pas pris ce quiz